000 00870nas a2200277 4500
001 BR2010004627
003 BR-BrBNA
005 20231205114256.0
007 ta
008 230509b bl.|||p| |||| 00| 00por d
040 _aBR-BrBNA
_bpor
_cBiblioteca Nacional de Agricultura
041 _a(Pt)
072 _aP35
100 1 _aPredebon, R.
100 1 _aGatiboni, L.C.
100 1 _aOliveira, C.M.B.
100 1 _aCassol, P.C.
100 1 _aOliveira, D.E. de
245 1 _aDoses de calcário e modo de incorporação na reaplicação em pastagem perene de tifton (Cynodon spp.)
650 _aCAPIM ESTRELA
650 _aACIDEZ DO SOLO
650 _aCALAGEM
773 0 _tRevista de Ciências Agroveterinárias (Brazil)
_xISSN 1676-9732
_g(Jan-Jun 2010), v. 9(1) p. 39-47
_wBR2010004627
909 _a202311
_bLúcia
_c55
_dLúcia Elande
942 _2AGRIS
_n0
_cANA
999 _c207975
_d207975